Statistics for NBA One Team Hall of Famers

Click here to take the quiz!

General Stats

  • This quiz has been taken 120 times
  • The average score is 17 of 29

Answer Stats

TeamPositionNumberYears ActiveAnswer% Correct
Boston CelticsC61956-1969Bill Russell
90%
Detroit PistonsPG111981-1994Isiah Thomas
89%
Utah JazzPG121984-2003John Stockton
89%
Boston CelticsSF/PF331979-1992Larry Bird
89%
Los Angeles LakersPG321979-1991 1996Magic Johnson
89%
San Antonio SpursC501989-2003David Robinson
88%
Indiana PacersSG311987-2005Reggie Miller
86%
Los Angeles LakersPG/SG441960-1974Jerry West
84%
Boston CelticsPF321980-1993Kevin McHale
82%
Boston CelticsG141950-1963Bob Cousy
80%
Boston CelticsSF/SG171962-1978John Havlicek
80%
Los Angeles LakersSF421982-1994James Worthy
78%
Philadelphia 76ersSF61976-1987Julius Erving
77%
Atlanta (Milwaukee/St. Louis) HawksPF/C91954-1965Bill Pettit
76%
Los Angeles (Minneapolis) LakersSF221958-1971Elgin Baylor
76%
Detroit PistonsG41985-1999Joe Dumars
76%
New York KnicksC/PF191964-1974Willis Reed
71%
Washington Wizards (Baltimore/Capitol/Wash Bulltets)C/F411968-1981Wes Unseld
64%
Boston CelticsSG241957-1969Sam Jones
58%
Philadelphia 76ers (Syracuse Nationals)PF/C41949-1964Dolph Schayes
38%
Philadelphia 76ers (Syracuse Nationals)SG/PG151958-1973Hal Greer
31%
Golden State WarriorsSF111950-1962Paul Arizin
31%
New York KnicksSG/SF241967-1977Bill Bradley
29%
Houston Rockets (San Diego)PG/SG231970-1983Calvin Murphy
24%
Boston CelticsPF161960-1973Satch Sanders
14%
Los Angeles (Minneapolis) LakersPF/SF191949-1959Vern Mikkelsen
12%
Sacremento Kings (Rochester/Cincinnati Royals)SF271955-1966Jack Twyman
11%
Atlanta (St. Louis) HawksSF161956-1966Cliff Hagan
3%
Sacremento Kings (Rochester Royals)G91947-1958Bobby Wanzer
2%

Score Distribution

Percentile by Number Answered

Percent of People with Each Score

Your Score History

You have not taken this quiz